Лекарство от стагнации?; Нефть России; № 7

গ্রন্থ-পঞ্জীর বিবরন
Parent link:Нефть России: аналитический журнал.— , 1996, 1999-2012
№ 7.— 2003.— С. 87-89
প্রধান লেখক: Мишин В.
ভাষা:রুশ
প্রকাশিত: 2003
মালা:Информатика и связь
বিষয়গুলি:
বিন্যাস: গ্রন্থের অধ্যায়
KOHA link:https://koha.lib.tpu.ru/cgi-bin/koha/opac-detail.pl?biblionumber=387803

MARC

LEADER 00000naa2a2200000 4500
001 387803
005 20231101063645.0
035 |a (RuTPU)RU\TPU\prd\18061 
090 |a 387803 
100 |a 20031006a2003 k y0rusy50 ca 
101 0 |a rus 
102 |a RU 
200 1 |a Лекарство от стагнации?  |f В. Мишин 
225 1 |a Информатика и связь 
461 1 |0 (RuTPU)RU\TPU\prd\1610  |t Нефть России  |o аналитический журнал  |d 1996, 1999-2012 
463 1 |0 (RuTPU)RU\TPU\prd\17843  |t № 7  |v С. 87-89  |d 2003 
610 1 |a телекоммуникации 
610 1 |a Азербайджан 
610 1 |a проекты 
610 1 |a инвестиции 
610 1 |a приватизация 
700 1 |a Мишин  |b В. 
801 1 |a RU  |b 63413507  |c 20031006  |g PSBO 
801 2 |a RU  |b 63413507  |c 20130802  |g RCR 
942 |c BK